000 00560nam a2200157 a 4500
001 000029932
005 20200930055922.0
008 110427s1968 dr ac 000 0 spa d
040 _aDO-SdBNP
_bspa
_cBNPHU
082 _axxx
_bP796a
111 1 _aPonencias del semanario de desarrollo, población y familia.
_d1968 dic. 4, 5 y 6
_cSanto Domingo
_956675
245 1 0 _aArzobispado de Santo Domingo y centro latinoaméricano de población y familia (CELAP).
260 _aSanto Domingo :
_b[s.n],
_c1968.
300 _a214 p. :
_bil, retr. ;
_c24 cm.
049 _aBNPD
999 _c29424
_d29424